| 000 | 00981nam a2200241 a 4500 | ||
|---|---|---|---|
| 005 | 20260112063249.0 | ||
| 020 | _a9781848443518 | ||
| 039 |
_a202111081257 _bstaff _c201908241133 _d staff _c201212060006 _d staff _c201106300537 _d staff _y 201003072321 _z staff |
||
| 082 |
_a338.47796 _bWLA [ Shelf 15 ] |
||
| 245 |
_aHandbook on the economics of sport / _cedited by Wladimir Andreff, Stefan Szymanski. |
||
| 260 |
_aNorth Hampton, MA : _bEdward Elgar, _c2005. |
||
| 263 | _a0603 | ||
| 300 |
_a830p. _c24cm. |
||
| 440 | _aElgar original reference | ||
| 504 | _aIncludes bibliographical references and index. | ||
| 650 |
_aSports _x Economic aspects _v Handbooks, manuals, etc. |
||
| 650 |
_aProfessional sports _x Economic aspects _v Handbooks, manuals, etc. |
||
| 700 |
_aAndreff, Wladimir, _d 1946- |
||
| 700 |
_aSzymanski, Stefan, _d 1960- |
||
| 991 | _aVIRTUA40 | ||
| 991 | _aVTLSSORT0080*0200*0820*2450*2600*2630*3000*4400*5040*6500*6501*7000*7001*9992 | ||
| 909 | _a2356 | ||
| 999 |
_c2257 _d2257 |
||